000 00386cam a2200157ua 4500
003 OSt
008 240115b |||||||| |||| 00| 0 eng d
041 _amal
082 _a894.8121
_bSAN/PA
100 _aSankaraKurup, G.
_94808
245 _aPatheyam /
250 _a1 /
260 _aKottayam :
_bSahitya Pravarthaka Co-operative Society ,
_c1961.
300 _a334 ; .
942 _cBK
999 _c6597
_d6597